000 00595nam a22001817a 4500
005 20251108165418.0
008 250721s1959 xx 000 0 ara d
082 1 4 _aم/213.4/ب
100 1 _aالبخاري، أبو عبد الله محمد بن إسماعيل
245 1 0 _aالألف المختارة من صحيح البخاري /
264 1 _aالقاهرة :
_bدار المعارف،
_c1959.
300 _a
650 1 7 _aالإسلام
650 1 7 _aالحيث الشريف
700 1 _aهارون، عبد السلام محمد
_eشرح
942 _2ddc
_cREF
999 _c27298
_d27298